000 00367nam a2200145Ia 4500
008 210210b1977 xxu||||| |||| 00| 0 eng d
082 _a613 JAMA
100 _aJAMES (M K).
245 _aAll about Dental care.
260 _aNew Delhi
_bVikas Publishing House Pvt Ltd.,
_c1977
300 _a121,v
650 _aDental Care
690 _aHealt
906 _aSG0187
999 _c112787
_d112787